| 000 | 00701nam a2200241 a 4500 | ||
|---|---|---|---|
| 001 | 10192 | ||
| 003 | CO-ViMGA | ||
| 008 | 141112s2004 ck r 000 u spa d | ||
| 020 | _a9589586902 | ||
| 040 |
_aCO-ViMGA _bspa _cCO-ViMGA |
||
| 082 | _a327.12 L17f | ||
| 100 | 1 |
_aRotta M ; Jesus E., _96304 |
|
| 245 | 1 | 0 |
_aLas Finanzas de la Subversión Colombiana : _bUna forma de explotar la nación |
| 260 |
_aSantafé de Bogotá : _bEditorial los últimos patriotas, _c1996 |
||
| 300 | _a378p. : il. | ||
| 650 | 1 | 4 |
_a1994 - 1995 _96305 |
| 650 | 1 | 4 |
_aACTIVIDADES SUBVERSIVAS _96306 |
| 650 | 1 | 4 | _aCOLOMBIA |
| 650 | 1 | 4 | _aCOLOMBIA |
| 650 | 1 | 4 | _aFINANZAS |
| 650 | 1 | 4 |
_aGUERRILLAS _96309 |
| 942 |
_2ddc _cBK |
||
| 999 |
_c11401 _d11401 |
||